| 000 | 00601nam a22001817a 4500 | ||
|---|---|---|---|
| 005 | 20221209113952.0 | ||
| 008 | 221209b ||||| |||| 00| 0 eng d | ||
| 040 | _cAL | ||
| 041 | _aHindi | ||
| 082 |
_223 _aH891.1 _bSINN |
||
| 100 |
_aKrishna Pal Singh कृष्ण पाल सिंह _965258 |
||
| 245 | _aनीझर नूपुर झरते पूल | ||
| 260 |
_aJaipur _bPratibha Prakashan _c1998 |
||
| 300 |
_aIv,96 p. _bPB _c21x13.7 cm. |
||
| 650 |
_aHindi Poetry _965259 |
||
| 700 |
_aSINGH (Krishna Pal) सिंह ( कृष्ण पाल) _965260 |
||
| 942 |
_2ddc _cGF |
||
| 999 |
_c225535 _d225535 |
||